000 00764nam a22002057a 4500
003 0
005 20250906133723.0
008 250906b xxu||||| |||| 00| 0 eng d
020 _a978-1-032-44786-5
050 _aQA 20.M38
_b.J66 2025
100 _aJones, Tammy L.,
_eauthor.
245 _aAuthentic opportunities for writing about math in high school :
_bprompts and examples for building understanding /
_cTammy L. Jones and Leslie A. Texas.
260 _aNew York, NY :
_bRoutledge,
_c2025.
300 _axiv, 185 pages :
_billustrations ;
_c28 cm.
504 _aIncludes bibliographical references.
650 _aMathematics
_xAuthorship.
650 _aMathematics
_xStudy and teaching (Secondary).
700 _aTexas, Leslie A.,
_eauthor.
942 _2lcc
_cBK
999 _c367805
_d367805